| 000 | 00699nam a22002057a 4500 | ||
|---|---|---|---|
| 003 | OSt | ||
| 005 | 20250901034856.0 | ||
| 008 | 250901b |||||||| |||| 00| 0 eng d | ||
| 020 | _a978-621-8035-836 | ||
| 040 |
_aDWC-Main Lib _cOC |
||
| 082 | _aFil. 370.72 P896a 2019 | ||
| 100 | _aPrado, Jonathan Clave | ||
| 245 |
_aAction research : _bfor primer for faculty researchers/ _cJonathan Clave Prado & Zarren Aleta Gaddi |
||
| 260 |
_aQuezon City : _bLorimar Publishing, _cc2019. |
||
| 300 |
_a57 pages : _billustrations ; _c25cm. |
||
| 504 | _aIncludes bibliographical references. | ||
| 650 | _a1. Action research in education. | ||
| 700 | _aGaddi, Zarren Aleta | ||
| 942 |
_2ddc _cBK - FIL _kFil. _n0 |
||
| 999 |
_c4420 _d4420 |
||